000 01176cab a2200325 4500
001 ABS54205
008 090401t1995 xxu||||| |||| 00| 0 eng d
035 _a(Sirsi) u9005
041 _aeng
245 _aLeisure and entertainment
260 _c1995
350 _a0
490 _aBuilding Services
_v17(12) December 1995, 21-27(7)
520 _aThe leisure and entertainment market is continuing to grow despite the recession. This reports on a novel ventilation scheme at a fitness and leisure centre and the techniques being employed in the construction of the new Globe Theatre. It also looks at two recent projects which have benefited from National Lottery grants, and how to go about getting a grant.
650 _aBlock management
_96220
650 _aFITNESS CENTRES
650 _aGLOBE THEATRE
650 _aLEISURE CENTRES
650 _aLOTTERY FUNDS
650 _aNATIONAL LOTTERY GRANTS
650 _aSHAKESPEARE
650 _aSPORTS FACILITIES
650 _aSWIMMING POOLS
650 _aTHEATRES
650 _aVENTILATION SCHEME
690 _aBUILT ENVIRONMENT
690 _aLEISURE AND RECREATION
942 _n0
948 _c04/03/1997
999 _c5581
_d5581